000 00533nam a2200193Ia 4500
003 LK-CoDNM
005 20240305110327.0
008 010623t1889 xxu||||| |||| 00| 1 Pali d
040 _aLK-CoDNM
_dLK-CoDNM
_eLK-CoDNM
041 _aPali
_asin
080 _a104 Y27
100 _aBuddhagosha thero
245 _aවිශුද්ධි මාර්ගය
246 _aVisuddhi margaya
260 _bShastraalooka press
_aColombo
_c1889
300 _bDamaged
_a630p.,21 cm
700 _aParakkramabahu,K.K.S.S.
_eed.
942 _cBK
999 _c83097
_d83097